| 000 | 00661nam a2200205Ia 4500 | ||
|---|---|---|---|
| 008 | 130821s1973 mx gr spa | ||
| 040 |
_aCo-BoUCM _bspa |
||
| 041 | _aspa | ||
| 100 | 1 |
_aFernández, Sergio _9155828 |
|
| 245 | 1 | 0 |
_aMiscelánea de mártires _cSergio Fernández. |
| 260 |
_aMéxico D.F. (México) _bUNAM _c1973 |
||
| 300 | _a269 páginas | ||
| 650 | 0 | 4 |
_aLiteratura española _97793 |
| 650 | 0 | 4 |
_aLiteratura europea _926524 |
| 650 | 0 | 4 |
_aLiteratura latinoamericana _918700 |
| 650 | 0 | 4 |
_aLiteratura mexicana _918708 |
| 650 | 0 | 4 |
_aLiteratura portuguesa _918728 |
| 942 |
_cLIBRO _a18 _e1 _kM _mF37 _2DEWEY _h860 |
||
| 999 |
_c12500 _d12500 |
||